[Event "Ottawa-ch"]
[Site "Ottawa CAN"]
[Date "2004.10.10"]
[Round "2"]
[White "Djerkovic, Miladin"]
[Black "Predescu, Sebastian"]
[Result "0-1"]
[WhiteElo "2210"]
[BlackElo "2221"]
[PlyCount "46"]
[GameId "2160767911061078"]
[EventDate "2004.10.03"]
[EventType "tourn"]
[EventRounds "7"]
[EventCountry "CAN"]
[SourceTitle "EXT 2006"]
[Source "ChessBase"]
[SourceDate "2005.11.24"]
[SourceVersion "1"]
[SourceVersionDate "2005.11.24"]
[SourceQuality "1"]

1. e4 c5 2. Nc3 d6 3. f4 Nc6 4. Nf3 g6 5. Bc4 Bg7 6. O-O e6 7. d3 Nge7 8. Qe1 O-O 9. f5 gxf5 10. Qh4 Ng6 11. Qxd8 Rxd8 12. Bg5 fxe4 13. Bxd8 exf3 14. Bc7 fxg2 15. Kxg2 d5 16. Bb3 Bd7 17. Rae1 Nd4 18. Bd6 Rc8 19. Na4 c4 20. Nc5 cxb3 21. cxb3 Bc6 22. Rf2 Nf5 23. Bg3 Bd4 0-1

[Event "Ottawa-ch"]
[Site "Ottawa CAN"]
[Date "2004.10.10"]
[Round "2"]
[White "Pacey, Kevin"]
[Black "Barclay, Wayne"]
[Result "1-0"]
[WhiteElo "2269"]
[BlackElo "2229"]
[PlyCount "111"]
[GameId "2160767911061079"]
[EventDate "2004.10.03"]
[EventType "tourn"]
[EventRounds "7"]
[EventCountry "CAN"]
[SourceTitle "EXT 2006"]
[Source "ChessBase"]
[SourceDate "2005.11.24"]
[SourceVersion "1"]
[SourceVersionDate "2005.11.24"]
[SourceQuality "1"]

1. b3 c5 2. Bb2 Nc6 3. e3 e5 4. c4 f5 5. d3 Nf6 6. Nc3 d5 7. cxd5 Nxd5 8. Nf3 Be7 9. Nxd5 Qxd5 10. Be2 Be6 11. O-O Rd8 12. Qb1 O-O 13. Rd1 Bf6 14. e4 Qd7 15. exf5 Bxf5 16. Qc2 b6 17. Qc4+ Kh8 18. Rac1 Qe8 19. Re1 Nb4 20. Rcd1 Be6 21. Qc1 Nxa2 22. Qa1 Bxb3 23. Rd2 Qf7 24. Nxe5 Bxe5 25. Bxe5 Qxf2+ 26. Kh1 Bd5 27. Bxg7+ Kg8 28. Rg1 Rf7 29. Bh8 Rdd7 30. Qe5 Rfe7 31. Qb2 Qh4 32. Bf6 Qh6 33. Bxe7 Rxe7 34. Bf3 Nb4 35. Re2 Qd6 36. Bxd5+ Nxd5 37. Rge1 Rxe2 38. Qxe2 Nf6 39. Qa2+ Kg7 40. Qxa7+ Kg6 41. Qb7 Qxd3 42. Qxb6 Qd2 43. Rf1 Qg5 44. Qe6 h6 45. h3 h5 46. Qc4 Qe5 47. Qc2+ Ne4 48. Re1 Kf5 49. Qd3 Qd4 50. Qf3+ Ke5 51. Qxh5+ Kd6 52. Qg6+ Ke5 53. Qg5+ Ke6 54. Rxe4+ Qxe4 55. Qxc5 Kf6 56. Qd6+ 1-0

[Event "Ottawa-ch"]
[Site "Ottawa CAN"]
[Date "2004.10.10"]
[Round "2"]
[White "Patterson, Roger"]
[Black "Voloaca, Mihnea"]
[Result "1-0"]
[WhiteElo "2187"]
[BlackElo "2219"]
[PlyCount "49"]
[GameId "2160767911061080"]
[EventDate "2004.10.03"]
[EventType "tourn"]
[EventRounds "7"]
[EventCountry "CAN"]
[SourceTitle "EXT 2006"]
[Source "ChessBase"]
[SourceDate "2005.11.24"]
[SourceVersion "1"]
[SourceVersionDate "2005.11.24"]
[SourceQuality "1"]

1. e4 c5 2. Nf3 d6 3. d4 Nf6 4. Nc3 cxd4 5. Nxd4 a6 6. f4 Qc7 7. Nf3 Nbd7 8. a4 g6 9. Bd3 Bg7 10. O-O O-O 11. Qe1 e6 12. Qh4 b6 13. f5 Bb7 14. Bh6 Rae8 15. Ng5 exf5 16. exf5 Qc5+ 17. Kh1 Qc6 18. Rf2 Re7 19. Raf1 Rfe8 20. Bxg7 Kxg7 21. Nce4 Rxe4 22. Bxe4 Rxe4 23. Nxe4 Nxe4 24. fxg6 hxg6 25. Rxf7+ 1-0

[Event "Ottawa-ch"]
[Site "Ottawa CAN"]
[Date "2004.10.17"]
[Round "3"]
[White "Barclay, Wayne"]
[Black "Djerkovic, Miladin"]
[Result "0-1"]
[WhiteElo "2229"]
[BlackElo "2210"]
[PlyCount "116"]
[GameId "2160767911061081"]
[EventDate "2004.10.03"]
[EventType "tourn"]
[EventRounds "7"]
[EventCountry "CAN"]
[SourceTitle "EXT 2006"]
[Source "ChessBase"]
[SourceDate "2005.11.24"]
[SourceVersion "1"]
[SourceVersionDate "2005.11.24"]
[SourceQuality "1"]

1. d4 d5 2. c4 e6 3. Nc3 Nf6 4. Nf3 Be7 5. Bf4 O-O 6. e3 c5 7. dxc5 Bxc5 8. cxd5 exd5 9. Bd3 Nc6 10. O-O Be6 11. Rc1 Rc8 12. Nb5 Be7 13. h3 Qb6 14. Qe2 Ne4 15. Nbd4 Bf6 16. Nxc6 bxc6 17. Ne5 c5 18. Rc2 Nd6 19. Rd2 Rfe8 20. Ng4 Be7 21. Qd1 d4 22. exd4 cxd4 23. Be5 f5 24. Nh2 Nf7 25. Re1 Nxe5 26. Rxe5 Bg5 27. Rc2 Bxa2 28. Bxf5 Rcd8 29. Bxh7+ Kxh7 30. Rxe8 Rxe8 31. Qh5+ Bh6 32. Qxe8 d3 33. Qe4+ Qg6 34. Qxg6+ Kxg6 35. Rc6+ Kf5 36. Rd6 Ke4 37. Nf3 Bd5 38. Rxh6 gxh6 39. Kf1 Kf4 40. Nd2 h5 41. g3+ Ke5 42. h4 Kd4 43. Ke1 a5 44. Nf1 Bf3 45. Kd2 Kc4 46. Ke3 Kb3 47. Nd2+ Kxb2 48. Nxf3 Kc3 49. Nd2 a4 50. g4 Kc2 51. g5 a3 52. g6 a2 53. Nb3 Kxb3 54. g7 a1=Q 55. g8=Q+ Kc2 56. Qc4+ Qc3 57. Qa4+ Kc1 58. Qf4 Qd2+ 0-1

[Event "Ottawa-ch"]
[Site "Ottawa CAN"]
[Date "2004.10.17"]
[Round "3"]
[White "Predescu, Sebastian"]
[Black "Patterson, Roger"]
[Result "1-0"]
[WhiteElo "2221"]
[BlackElo "2187"]
[PlyCount "53"]
[GameId "2160767911061082"]
[EventDate "2004.10.03"]
[EventType "tourn"]
[EventRounds "7"]
[EventCountry "CAN"]
[SourceTitle "EXT 2006"]
[Source "ChessBase"]
[SourceDate "2005.11.24"]
[SourceVersion "1"]
[SourceVersionDate "2005.11.24"]
[SourceQuality "1"]

1. e4 c5 2. Nf3 d6 3. d4 cxd4 4. Nxd4 Nf6 5. Nc3 e6 6. Be3 a6 7. f3 b5 8. Qd2 Bb7 9. g4 Nfd7 10. O-O-O Nb6 11. Nb3 Nc4 12. Bxc4 bxc4 13. Nc5 Qc7 14. Nxb7 Qxb7 15. Bf4 Nc6 16. Bxd6 Rd8 17. Qf4 Bxd6 18. Rxd6 Rb8 19. Rxc6 Qxb2+ 20. Kd2 O-O 21. e5 Rfd8+ 22. Rd6 Qb6 23. Ke2 Rxd6 24. exd6 Rd8 25. Rb1 Qa5 26. Qd4 h5 27. f4 1-0

[Event "Ottawa-ch"]
[Site "Ottawa CAN"]
[Date "2004.10.17"]
[Round "3"]
[White "Valdizon, Armando"]
[Black "Pacey, Kevin"]
[Result "0-1"]
[WhiteElo "2129"]
[BlackElo "2269"]
[PlyCount "82"]
[GameId "2160767911061083"]
[EventDate "2004.10.03"]
[EventType "tourn"]
[EventRounds "7"]
[EventCountry "CAN"]
[SourceTitle "EXT 2006"]
[Source "ChessBase"]
[SourceDate "2005.11.24"]
[SourceVersion "1"]
[SourceVersionDate "2005.11.24"]
[SourceQuality "1"]

1. Nf3 d5 2. d4 e6 3. c4 Nf6 4. Bg5 Be7 5. e3 O-O 6. Nbd2 c5 7. dxc5 Bxc5 8. cxd5 exd5 9. Be2 Nc6 10. O-O Be6 11. Nb3 Be7 12. Rc1 Ne4 13. Bxe7 Qxe7 14. Nbd4 Rac8 15. Qa4 Bg4 16. Bb5 Nxd4 17. Nxd4 a6 18. Bd3 Rfe8 19. Qa5 Rxc1 20. Rxc1 Nxf2 21. Qd2 Nxd3 22. Qxd3 Qe5 23. Rc3 Rc8 24. Rxc8+ Bxc8 25. Qc3 Bd7 26. a3 h5 27. Qd2 Bf5 28. Qf2 Bg6 29. h4 Qe4 30. Kh2 Qb1 31. Qd2 Be4 32. Qf2 g6 33. Kg3 Qh1 34. Nf3 Bxf3 35. Kxf3 Qh2 36. Ke2 Kg7 37. Kd1 Qc7 38. Kd2 Qe5 39. Kc1 Qf6 40. Qg3 d4 41. e4 Qc6+ 0-1

[Event "Ottawa-ch"]
[Site "Ottawa CAN"]
[Date "2004.10.31"]
[Round "4"]
[White "Djerkovic, Miladin"]
[Black "Valdizon, Armando"]
[Result "1-0"]
[WhiteElo "2210"]
[BlackElo "2129"]
[PlyCount "139"]
[GameId "2160767911061084"]
[EventDate "2004.10.03"]
[EventType "tourn"]
[EventRounds "7"]
[EventCountry "CAN"]
[SourceTitle "EXT 2006"]
[Source "ChessBase"]
[SourceDate "2005.11.24"]
[SourceVersion "1"]
[SourceVersionDate "2005.11.24"]
[SourceQuality "1"]

1. e4 g6 2. d4 Bg7 3. Nc3 c6 4. Bc4 b5 5. Bb3 a5 6. a3 d6 7. Qf3 e6 8. Nge2 Ba6 9. O-O b4 10. axb4 axb4 11. Na4 Bxe2 12. Qxe2 Bxd4 13. Qc4 c5 14. c3 bxc3 15. bxc3 Bg7 16. Bf4 Ne7 17. Rad1 d5 18. exd5 exd5 19. Qxc5 Nd7 20. Qb5 Ra5 21. Qb7 O-O 22. Bc7 Qa8 23. Qb4 Ra7 24. Qxe7 Rxc7 25. Nb6 Qc6 26. Nxd5 Rb7 27. Qe4 Kh8 28. Ba4 Qa6 29. Bxd7 Rxd7 30. c4 Rfd8 31. Nc7 Qa4 32. Rxd7 Qxd7 33. Nd5 f5 34. Qd3 Be5 35. g3 Qa7 36. Re1 Bd4 37. Re2 Rb8 38. Kg2 Qa1 39. Rd2 Bc5 40. Nc7 Qe5 41. Na6 Rc8 42. Qd7 Qe4+ 43. f3 Qc6 44. Nxc5 Qxc5 45. Re2 Qf8 46. Re7 Rd8 47. Rxh7+ Kg8 48. Qe7 Qxe7 49. Rxe7 Rc8 50. f4 Rxc4 51. Kh3 Rc2 52. Kh4 Rxh2+ 53. Kg5 Kf8 54. Ra7 Rg2 55. Kxg6 Rxg3+ 56. Kxf5 Rb3 57. Kg6 Rb6+ 58. Kg5 Rb1 59. f5 Rb6 60. Ra5 Rb1 61. Kg6 Rg1+ 62. Kf6 Ke8 63. Ra8+ Kd7 64. Kf7 Rg5 65. f6 Rg1 66. Kf8 Rg6 67. f7 Rg1 68. Ra4 Rf1 69. Re4 Rg1 70. Rd4+ 1-0

[Event "Ottawa-ch"]
[Site "Ottawa CAN"]
[Date "2004.10.31"]
[Round "4"]
[White "Patterson, Roger"]
[Black "Barclay, Wayne"]
[Result "1-0"]
[WhiteElo "2187"]
[BlackElo "2229"]
[PlyCount "81"]
[GameId "2160767911061085"]
[EventDate "2004.10.03"]
[EventType "tourn"]
[EventRounds "7"]
[EventCountry "CAN"]
[SourceTitle "EXT 2006"]
[Source "ChessBase"]
[SourceDate "2005.11.24"]
[SourceVersion "1"]
[SourceVersionDate "2005.11.24"]
[SourceQuality "1"]

1. e4 e5 2. Nf3 Nc6 3. Bb5 a6 4. Ba4 d6 5. c3 Bd7 6. O-O g6 7. d4 Bg7 8. d5 Nce7 9. c4 Nf6 10. Nc3 O-O 11. Rb1 Bg4 12. h3 Bxf3 13. Qxf3 Nd7 14. b4 f5 15. Bxd7 Qxd7 16. c5 Rf7 17. Rb3 Raf8 18. cxd6 cxd6 19. b5 fxe4 20. Qd1 e3 21. Bxe3 Nf5 22. Ne4 Nxe3 23. Rxe3 Bh6 24. Rc3 axb5 25. Qe2 Ra8 26. Rb3 Rf4 27. Rfb1 Ra5 28. g3 Rf8 29. Rxb5 Rxb5 30. Rxb5 Bg7 31. Kg2 Ra8 32. Rb6 Ra4 33. Nxd6 Ra5 34. Qf3 Ra7 35. Qg4 Qxg4 36. hxg4 Rxa2 37. Rxb7 Bf8 38. Ne8 Bh6 39. Nf6+ Kf8 40. Nxh7+ Ke8 41. g5 1-0

[Event "Ottawa-ch"]
[Site "Ottawa CAN"]
[Date "2004.11.04"]
[Round "4"]
[White "Voloaca, Mihnea"]
[Black "Predescu, Sebastian"]
[Result "1-0"]
[WhiteElo "2219"]
[BlackElo "2221"]
[PlyCount "65"]
[GameId "2160767911061086"]
[EventDate "2004.10.03"]
[EventType "tourn"]
[EventRounds "7"]
[EventCountry "CAN"]
[SourceTitle "EXT 2006"]
[Source "ChessBase"]
[SourceDate "2005.11.24"]
[SourceVersion "1"]
[SourceVersionDate "2005.11.24"]
[SourceQuality "1"]

1. d4 Nf6 2. c4 g6 3. Nc3 Bg7 4. e4 d6 5. Bd3 O-O 6. Nge2 e5 7. d5 Nh5 8. O-O a5 9. a3 Bd7 10. Be3 Na6 11. Bc2 Qe7 12. Qd2 Rae8 13. Nb5 f5 14. f3 b6 15. b4 f4 16. Bf2 axb4 17. axb4 Bxb5 18. cxb5 Nb8 19. Ra7 Qd8 20. Qc3 Re7 21. Rfa1 g5 22. Rb7 g4 23. Ra8 g3 24. hxg3 fxg3 25. Bxg3 Qe8 26. Bh4 Rd7 27. Rbxb8 Qxb8 28. Rxb8 Rxb8 29. g4 Nf4 30. Nxf4 exf4 31. Bf6 Rf8 32. e5 Bxf6 33. exf6 1-0

[Event "Ottawa-ch"]
[Site "Ottawa CAN"]
[Date "2004.11.07"]
[Round "5"]
[White "Barclay, Wayne"]
[Black "Voloaca, Mihnea"]
[Result "1-0"]
[WhiteElo "2229"]
[BlackElo "2219"]
[PlyCount "95"]
[GameId "2160767911061087"]
[EventDate "2004.10.03"]
[EventType "tourn"]
[EventRounds "7"]
[EventCountry "CAN"]
[SourceTitle "EXT 2006"]
[Source "ChessBase"]
[SourceDate "2005.11.24"]
[SourceVersion "1"]
[SourceVersionDate "2005.11.24"]
[SourceQuality "1"]

1. d4 Nf6 2. c4 g6 3. Nc3 Bg7 4. g3 c5 5. Nf3 cxd4 6. Nxd4 Nc6 7. Bg2 O-O 8. O-O Ng4 9. e3 Nge5 10. b3 d6 11. h3 Qa5 12. Bd2 a6 13. Kh2 Rb8 14. Nd5 Qd8 15. f4 Nxd4 16. exd4 Nc6 17. Bc3 e5 18. dxe5 dxe5 19. Qc2 exf4 20. Rxf4 Ne5 21. Rd1 Qg5 22. Bb4 Bf5 23. Rxf5 gxf5 24. Be7 Qh5 25. Bxf8 Kxf8 26. Rf1 Ng4+ 27. Kh1 Nh6 28. Qf2 Re8 29. Qc5+ Kg8 30. Qd6 Be5 31. Ne7+ Rxe7 32. Qxe7 Bxg3 33. Qxb7 f4 34. Qxa6 Kg7 35. Qd6 Nf5 36. Qd1 Qh6 37. Qg4+ Kf6 38. Rd1 Bf2 39. b4 Bd4 40. Qf3 Qh4 41. c5 Be5 42. c6 Bc7 43. b5 h5 44. Kh2 Ne3 45. Rb1 Ng4+ 46. Kh1 Bb6 47. Qxf4+ Kg6 48. Rf1 1-0

[Event "Ottawa-ch"]
[Site "Ottawa CAN"]
[Date "2004.11.07"]
[Round "5"]
[White "Pacey, Kevin"]
[Black "Djerkovic, Miladin"]
[Result "1/2-1/2"]
[WhiteElo "2269"]
[BlackElo "2210"]
[PlyCount "55"]
[GameId "2160767911061088"]
[EventDate "2004.10.03"]
[EventType "tourn"]
[EventRounds "7"]
[EventCountry "CAN"]
[SourceTitle "EXT 2006"]
[Source "ChessBase"]
[SourceDate "2005.11.24"]
[SourceVersion "1"]
[SourceVersionDate "2005.11.24"]
[SourceQuality "1"]

1. d4 d5 2. c4 e6 3. Nc3 Nf6 4. Nf3 Be7 5. Bf4 O-O 6. e3 Nbd7 7. a3 dxc4 8. Bxc4 Nb6 9. Bd3 c5 10. dxc5 Bxc5 11. O-O Nbd5 12. Nxd5 exd5 13. Rc1 Bb6 14. Qc2 Be6 15. Bc7 Bxc7 16. Qxc7 Qb8 17. Nd4 Rc8 18. Qg3 Qxg3 19. hxg3 Kf8 20. f3 Ke7 21. Kf2 a6 22. g4 h6 23. Ke2 Kd6 24. Kd2 Nd7 25. Rxc8 Rxc8 26. Nf5+ Bxf5 27. Bxf5 Rc6 28. Bxd7 1/2-1/2

[Event "Ottawa-ch"]
[Site "Ottawa CAN"]
[Date "2004.11.07"]
[Round "5"]
[White "Valdizon, Armando"]
[Black "Patterson, Roger"]
[Result "1-0"]
[WhiteElo "2129"]
[BlackElo "2187"]
[PlyCount "87"]
[GameId "2160767911061089"]
[EventDate "2004.10.03"]
[EventType "tourn"]
[EventRounds "7"]
[EventCountry "CAN"]
[SourceTitle "EXT 2006"]
[Source "ChessBase"]
[SourceDate "2005.11.24"]
[SourceVersion "1"]
[SourceVersionDate "2005.11.24"]
[SourceQuality "1"]

1. d4 Nf6 2. c4 e6 3. g3 d5 4. Bg2 Be7 5. Nf3 O-O 6. O-O b6 7. b3 Bb7 8. Bb2 c5 9. e3 dxc4 10. bxc4 cxd4 11. exd4 Nc6 12. Nbd2 Na5 13. Bc3 Nxc4 14. Nxc4 Rc8 15. Qb3 Bd5 16. Nfe5 Qc7 17. Bxd5 exd5 18. Nxb6 Qxb6 19. Rfc1 Qa6 20. a4 Rb8 21. Qa2 Rfc8 22. Be1 Qb6 23. a5 Qe6 24. Rab1 Rxb1 25. Qxb1 Ne4 26. Kg2 f6 27. Rxc8+ Qxc8 28. Qb5 fxe5 29. Qxd5+ Kf8 30. Qxe4 exd4 31. Qxd4 Qc6+ 32. Kg1 a6 33. Bc3 Bf6 34. Bb4+ Kf7 35. Qd2 Qc4 36. h4 Bxh4 37. Qd7+ Kg6 38. Qe8+ Kh6 39. Qe3+ Bg5 40. Qb6+ Bf6 41. Bd2+ Kg6 42. Qb1+ Kf7 43. Qxh7 Ke6 44. Qg8+ 1-0

[Event "Ottawa-ch"]
[Site "Ottawa CAN"]
[Date "2004.11.14"]
[Round "6"]
[White "Patterson, Roger"]
[Black "Pacey, Kevin"]
[Result "1/2-1/2"]
[WhiteElo "2187"]
[BlackElo "2269"]
[PlyCount "150"]
[GameId "2160767911061090"]
[EventDate "2004.10.03"]
[EventType "tourn"]
[EventRounds "7"]
[EventCountry "CAN"]
[SourceTitle "EXT 2006"]
[Source "ChessBase"]
[SourceDate "2005.11.24"]
[SourceVersion "1"]
[SourceVersionDate "2005.11.24"]
[SourceQuality "1"]

1. e4 Nc6 2. Nf3 d6 3. d4 Nf6 4. Nbd2 Bg4 5. c3 e6 6. Bd3 Be7 7. Qc2 Bh5 8. O-O Bg6 9. b4 a6 10. a3 d5 11. e5 Nd7 12. Bxg6 hxg6 13. c4 dxc4 14. Nxc4 Nb6 15. Nxb6 cxb6 16. Qe4 Qd7 17. Rd1 Rd8 18. Be3 Qd5 19. Qg4 Rd7 20. Rd3 Rh5 21. Rad1 a5 22. bxa5 bxa5 23. Bg5 Qc4 24. Qf4 Bf8 25. Qe3 Qd5 26. Bf4 Be7 27. Nd2 Nxe5 28. Bxe5 Rxe5 29. Qg3 Rg5 30. Qh3 Rh5 31. Qe3 Re5 32. Qh3 Rh5 33. Qe3 Qd6 34. Nf3 Rd5 35. Ne5 Rd8 36. Qe4 Bf6 37. f4 Bxe5 38. fxe5 Qe7 39. Rh3 b5 40. Qe1 Qa7 41. Qf2 Ke7 42. Rf3 Rf8 43. Qh4+ Kd7 44. Qe4 Kd8 45. h3 Re8 46. Kh2 Re7 47. Qh4 Kd7 48. Rf4 b4 49. Rdf1 Kc6 50. axb4 axb4 51. Qh8 Kb5 52. Qxg7 Rxd4 53. Rxf7 Rxf7 54. Rxf7 Qc5 55. Rf3 Rd1 56. Qxg6 Qxe5+ 57. Rg3 b3 58. Qe8+ Kb6 59. Qa4 Rh1+ 60. Kxh1 Qxg3 61. Qb4+ Kc7 62. Qe7+ Kc6 63. Qxe6+ Kc5 64. Qe2 Kb4 65. Qd2+ Ka3 66. Qa5+ Kb2 67. Qd2+ Kb1 68. Qd1+ Ka2 69. Qd5 Qe1+ 70. Kh2 Qb4 71. g4 Ka1 72. Qd1+ Ka2 73. Qd5 Ka1 74. Qd1+ Ka2 75. Qd5 Ka1 1/2-1/2

[Event "Ottawa-ch"]
[Site "Ottawa CAN"]
[Date "2004.11.14"]
[Round "6"]
[White "Predescu, Sebastian"]
[Black "Barclay, Wayne"]
[Result "1/2-1/2"]
[WhiteElo "2221"]
[BlackElo "2229"]
[PlyCount "91"]
[GameId "2160767911061091"]
[EventDate "2004.10.03"]
[EventType "tourn"]
[EventRounds "7"]
[EventCountry "CAN"]
[SourceTitle "EXT 2006"]
[Source "ChessBase"]
[SourceDate "2005.11.24"]
[SourceVersion "1"]
[SourceVersionDate "2005.11.24"]
[SourceQuality "1"]

1. e4 e5 2. Nf3 Nc6 3. Bc4 Nf6 4. d3 Be7 5. O-O O-O 6. Re1 d6 7. c3 h6 8. Nbd2 Na5 9. Bb5 c5 10. Nf1 Qc7 11. Ng3 a6 12. Ba4 b5 13. Bc2 Nc6 14. h3 Re8 15. Be3 d5 16. d4 cxd4 17. cxd4 Bb4 18. Re2 dxe4 19. Nxe4 Nd5 20. Bb3 Nxe3 21. Rxe3 Bb7 22. dxe5 Nxe5 23. Nxe5 Rxe5 24. Qg4 Qe7 25. Rg3 g5 26. Nc3 Re1+ 27. Rxe1 Qxe1+ 28. Kh2 Bd6 29. Qd7 Qe7 30. Qxe7 Bxe7 31. Rd3 Rd8 32. Rxd8+ Bxd8 33. Nd5 a5 34. a3 Kf8 35. Kg3 f5 36. Kf3 Bf6 37. g4 f4 38. Ke4 Bxb2 39. a4 bxa4 40. Bxa4 Ba6 41. h4 Kf7 42. hxg5 hxg5 43. Kf5 f3 44. Kxg5 Bd4 45. Kf4 Bxf2 46. Kxf3 1/2-1/2

[Event "Ottawa-ch"]
[Site "Ottawa CAN"]
[Date "2004.11.14"]
[Round "6"]
[White "Voloaca, Mihnea"]
[Black "Valdizon, Armando"]
[Result "1/2-1/2"]
[WhiteElo "2219"]
[BlackElo "2129"]
[PlyCount "33"]
[GameId "2160767911061092"]
[EventDate "2004.10.03"]
[EventType "tourn"]
[EventRounds "7"]
[EventCountry "CAN"]
[SourceTitle "EXT 2006"]
[Source "ChessBase"]
[SourceDate "2005.11.24"]
[SourceVersion "1"]
[SourceVersionDate "2005.11.24"]
[SourceQuality "1"]

1. d4 f5 2. Bg5 g6 3. Nc3 Bg7 4. e4 fxe4 5. Nxe4 Nf6 6. Nxf6+ exf6 7. Qe2+ Qe7 8. Qxe7+ Kxe7 9. Bf4 Kd8 10. O-O-O d6 11. h4 Nc6 12. c3 Bf5 13. f3 h5 14. Ne2 Ne7 15. d5 Kd7 16. Rg1 Rag8 17. c4 1/2-1/2

[Event "Ottawa-ch"]
[Site "Ottawa CAN"]
[Date "2004.11.28"]
[Round "7"]
[White "Djerkovic, Miladin"]
[Black "Patterson, Roger"]
[Result "1/2-1/2"]
[WhiteElo "2210"]
[BlackElo "2187"]
[PlyCount "63"]
[GameId "2160767911061093"]
[EventDate "2004.10.03"]
[EventType "tourn"]
[EventRounds "7"]
[EventCountry "CAN"]
[SourceTitle "EXT 2006"]
[Source "ChessBase"]
[SourceDate "2005.11.24"]
[SourceVersion "1"]
[SourceVersionDate "2005.11.24"]
[SourceQuality "1"]

1. e4 e5 2. Nf3 Nc6 3. Bb5 a6 4. Ba4 Nf6 5. O-O b5 6. Bb3 Bc5 7. a4 Bb7 8. Nc3 b4 9. Nd5 d6 10. c3 bxc3 11. bxc3 h6 12. d4 Ba7 13. Nxf6+ Qxf6 14. Bd5 O-O 15. Rb1 Bb6 16. dxe5 dxe5 17. Be3 Na5 18. Bxb7 Nxb7 19. Qd5 Bxe3 20. Rxb7 Bb6 21. Nxe5 Rad8 22. Nd7 Qxc3 23. Qf5 Qc6 24. Nxf8 Rxf8 25. Qd5 Qxa4 26. h3 Re8 27. e5 Qf4 28. e6 fxe6 29. Qc6 Qf7 30. Kh1 Rd8 31. f4 Qf5 32. Rxb6 1/2-1/2

[Event "Ottawa-ch"]
[Site "Ottawa CAN"]
[Date "2004.11.28"]
[Round "7"]
[White "Pacey, Kevin"]
[Black "Voloaca, Mihnea"]
[Result "1/2-1/2"]
[WhiteElo "2269"]
[BlackElo "2219"]
[PlyCount "42"]
[GameId "2160767911061094"]
[EventDate "2004.10.03"]
[EventType "tourn"]
[EventRounds "7"]
[EventCountry "CAN"]
[SourceTitle "EXT 2006"]
[Source "ChessBase"]
[SourceDate "2005.11.24"]
[SourceVersion "1"]
[SourceVersionDate "2005.11.24"]
[SourceQuality "1"]

1. d4 d5 2. c4 c6 3. cxd5 cxd5 4. Nf3 Nf6 5. Nc3 Nc6 6. Bf4 a6 7. e3 Bf5 8. Ne5 Qb6 9. g4 Qxb2 10. Qc1 Qxc1+ 11. Rxc1 Bxg4 12. Nxg4 Nxg4 13. Nxd5 Rd8 14. Nc7+ Kd7 15. Bh3 f5 16. f3 e5 17. dxe5 Bb4+ 18. Ke2 Kxc7 19. fxg4 Rd2+ 20. Kf3 fxg4+ 21. Bxg4 Rxa2 1/2-1/2

[Event "Ottawa-ch"]
[Site "Ottawa CAN"]
[Date "2004.11.28"]
[Round "7"]
[White "Valdizon, Armando"]
[Black "Predescu, Sebastian"]
[Result "1/2-1/2"]
[WhiteElo "2129"]
[BlackElo "2221"]
[PlyCount "70"]
[GameId "2160767911061095"]
[EventDate "2004.10.03"]
[EventType "tourn"]
[EventRounds "7"]
[EventCountry "CAN"]
[SourceTitle "EXT 2006"]
[Source "ChessBase"]
[SourceDate "2005.11.24"]
[SourceVersion "1"]
[SourceVersionDate "2005.11.24"]
[SourceQuality "1"]

1. d4 Nf6 2. c4 g6 3. Nc3 Bg7 4. e4 d6 5. Bd3 O-O 6. Nge2 Nbd7 7. O-O c5 8. d5 Ne5 9. f4 Nxd3 10. Qxd3 a6 11. Bd2 b5 12. cxb5 axb5 13. Nxb5 Qb6 14. a4 c4+ 15. Qe3 Qxe3+ 16. Bxe3 Nxe4 17. Nec3 Nxc3 18. Nxc3 Bxc3 19. bxc3 Ra5 20. Bb6 Rxd5 21. a5 Ba6 22. Rfb1 Rd3 23. Bd4 f6 24. Rb6 Ra8 25. Rab1 e5 26. fxe5 fxe5 27. Bf2 Rxc3 28. Rxd6 Rb3 29. Rc1 Bb5 30. Be1 Ra6 31. Rd8+ Kf7 32. Bc3 Ke6 33. Rd2 Rd6 34. Rxd6+ Kxd6 35. Kf2 Ke6 1/2-1/2

[Event "Ottawa-ch playoff"]
[Site "Ottawa CAN"]
[Date "2004.12.05"]
[Round "1"]
[White "Djerkovic, Miladin"]
[Black "Predescu, Sebastian"]
[Result "0-1"]
[WhiteElo "2210"]
[BlackElo "2221"]
[PlyCount "56"]
[GameId "2160767911031888"]
[EventDate "2004.12.05"]
[EventType "match (rapid)"]
[EventRounds "2"]
[EventCountry "CAN"]
[SourceTitle "EXT 2006"]
[Source "ChessBase"]
[SourceDate "2005.11.24"]
[SourceVersion "1"]
[SourceVersionDate "2005.11.24"]
[SourceQuality "1"]

1. e4 c5 2. Nf3 d6 3. d4 cxd4 4. Nxd4 Nf6 5. Nc3 a6 6. Bc4 e6 7. Bb3 Nbd7 8. Bg5 Nc5 9. f4 Be7 10. Qf3 Qc7 11. O-O-O b5 12. Bxf6 gxf6 13. f5 b4 14. fxe6 Nxb3+ 15. axb3 bxc3 16. exf7+ Kxf7 17. e5 cxb2+ 18. Kxb2 dxe5 19. Qxa8 exd4 20. Qd5+ Be6 21. Qh5+ Kg7 22. Rd3 Bf7 23. Qg4+ Bg6 24. Re1 Bb4 25. Re6 Rc8 26. c4 dxc3+ 27. Kc1 Ba3+ 28. Kc2 h5 0-1

[Event "Ottawa-ch playoff"]
[Site "Ottawa CAN"]
[Date "2004.12.05"]
[Round "2"]
[White "Predescu, Sebastian"]
[Black "Djerkovic, Miladin"]
[Result "1/2-1/2"]
[WhiteElo "2221"]
[BlackElo "2210"]
[PlyCount "69"]
[GameId "2160767911031889"]
[EventDate "2004.12.05"]
[EventType "match (rapid)"]
[EventRounds "2"]
[EventCountry "CAN"]
[SourceTitle "EXT 2006"]
[Source "ChessBase"]
[SourceDate "2005.11.24"]
[SourceVersion "1"]
[SourceVersionDate "2005.11.24"]
[SourceQuality "1"]

1. d4 Nf6 2. Nf3 d5 3. Bf4 e6 4. e3 Bd6 5. Bg3 Nbd7 6. Bd3 O-O 7. Nbd2 Qe7 8. Ne5 c5 9. c3 g6 10. O-O Nh5 11. Ndf3 Nxg3 12. hxg3 f6 13. Nxd7 Bxd7 14. dxc5 Bxc5 15. Qb3 b5 16. Rad1 Rad8 17. Qc2 f5 18. Be2 Bd6 19. b3 Rc8 20. Qb2 Qf6 21. Nd4 a6 22. c4 bxc4 23. bxc4 dxc4 24. Qb6 e5 25. Nf3 Rc6 26. Bxc4+ Kh8 27. Qb3 Rfc8 28. Bd5 Rc3 29. Qb6 Bb5 30. Bb7 Be7 31. Qxf6+ Bxf6 32. Bxc8 Bxf1 33. Kxf1 Rxc8 34. Rd6 Kg7 35. Rxa6 1/2-1/2

[Event "Ottawa-ch reserve"]
[Site "Ottawa CAN"]
[Date "2004.10.03"]
[Round "1"]
[White "Arsenault, Michel"]
[Black "Gelblum, Robert"]
[Result "0-1"]
[WhiteElo "2067"]
[BlackElo "2138"]
[PlyCount "88"]
[GameId "2160767911061096"]
[EventDate "2004.10.03"]
[EventType "tourn"]
[EventRounds "6"]
[EventCountry "CAN"]

1. c4 e5 2. g3 Nf6 3. Bg2 d5 4. cxd5 Nxd5 5. Nc3 Nb6 6. Nf3 Nc6 7. d3 f6 8. a3 Be6 9. b4 Qd7 10. Rb1 O-O-O 11. O-O Nd5 12. Bb2 Nxc3 13. Bxc3 Kb8 14. Qc2 Bh3 15. Rfc1 Bxg2 16. Kxg2 Bd6 17. b5 Ne7 18. Qb3 g5 19. Nd2 h5 20. h3 Nc8 21. Nc4 Nb6 22. a4 Nxc4 23. Qxc4 f5 24. a5 Rhf8 25. a6 b6 26. Qd5 Qc8 27. Bxe5 Bxe5 28. Qxe5 Rde8 29. Qg7 Rg8 30. Qf7 h4 31. Rc6 Rgf8 32. Qh5 hxg3 33. fxg3 g4 34. Rb2 Rh8 35. Qf7 gxh3+ 36. Kh2 Ref8 37. Qg7 f4 38. g4 Rhg8 39. Qe5 Rxg4 40. Rbc2 Rg2+ 41. Kh1 Rfg8 42. Rc1 h2 43. Qe4 Rg1+ 44. Kxh2 Qh3+ 0-1